ნორმალური ფორმატი
MARC ფორმატი
ჩანაწერი Corporate Name
ჩანაწერთა რაოდენობა, რომელიც გამოყენებულია: 2
001 - CONTROL NUMBER
- control field: 57
003 - CONTROL NUMBER IDENTIFIER
- control field: GE_BSU
005 - DATE AND TIME OF LATEST TRANSACTION
- control field: 20181216153543.0
008 - FIXED-LENGTH DATA ELEMENTS
- fixed length control field: 181216|| aca||aabn | a|a d
040 ## - CATALOGING SOURCE
- Original cataloging agency: GE_BSU
- Transcribing agency: GE_BSU
110 ## - HEADING--CORPORATE NAME
- Corporate name or jurisdiction name as entry element: აჭარის ავტონომიური რესპუბლიკის მთავრობის საქვეუწყებო დაწესებულება- საარქივო სამმართველო.
670 ## - SOURCE DATA FOUND
- Source citation: Work cat.: (GE_BSU): სამხრეთ-დასავლეთი საქართველო (ისტორია, არქეოლოგია, ეთნოლოგია) საერთაშორისო სამეცნიერო კონფერენციის მასალები :
